Statistiques concernant Personnages d'Aladdin par images

Cliquez ici pour prendre le quiz!

Statistiques générales

  • Ce quiz a été pris 221 fois
  • Le résultat moyen est 7 sur 12

Statistiques - réponses

Réponse% Correct
Aladdin
100%
Jasmine
99%
Le Génie de la lampe
98%
Jafar
95%
Le Tapis magique
88%
Abu
82%
Le Sultan
67%
Iago
56%
Rajah
44%
Gazeem
9%
Cassim
7%
Farouk
5%

Distribution des résultats

Percentile par nombre de réponses

% des personnes avec chaque résultat

Votre développement - résultats

Vous n’avez pas pris ce quiz